000 00773nam a2200277 a 4500
003 AR-BaBNM
005 20251128210318.0
008 082120s2002 ||||||||||||||000 | spa||
020 _a84-307-2610-1
040 _cAR-BaBNM
100 1 _aLegrand, Paul
245 0 0 _aIntroducción a la educación permanente
250 _a1ª ed.
260 _aBarcelona
_aParís
_bTeide
_bUNESCO
_c1973
300 _a169 p.
490 0 _aUNESCO. Programas y métodos de enseñanza
_vv. 4
650 4 _aEDUCACION PERMANENTE
650 4 _aEDUCACION DE ADULTOS
650 4 _aEDUCACION Y EMPLEO
650 4 _aDESARROLLO CIENTIFICO
650 4 _aEDUCACION Y DESARROLLO
650 4 _aMETODOS DE ENSEÑANZA
653 _aCONTENIDOS CURRICULARES
942 _cBK
998 _cRaquel
999 _c14907
_d14907